Ballon D‘or Dream Team 2020 - Statistiken

Allgemein
  • Dieses Quiz wurde 59 mal gespielt
  • Das Durchschnittsergebnis liegt bei 2 aus 11
Antwortstatistiken
Hint Antwort % Korrekt
Rechter Flügel Messi
100%
Mittelstürmer Ronaldo
89%
Linker Flügel Cristiano Ronaldo
9%
Linksverteidiger Maldini
7%
Offensives rechtes Mittelfeld Maradona
7%
Innenverteidiger Beckenbauer
5%
Rechtsverteidiger Cafu
5%
Offensives linkes Mittelfeld Pelé
5%
Defensives rechtes Mittelfeld Xavi
5%
Torwart Jaschin
2%
Defensives linkes Mittelfeld Matthäus
2%
Keine übereinstimmenden Quizze gefunden
Verteilung der Resultate
Anzahl Personen mit jedem Resultat
Perzentil nach korrekt beantworteten Fragen
Ihre Resultats-Entwicklung
Sie haben dieses Quiz noch nicht gespielt